|
|
|
|
| LEADER |
00000nam a2200000 a 4500 |
| 005 |
20131010172542.0 |
| 007 |
cr cn||||||||| |
| 008 |
201206r2012 ck |||||s|||||||||||spa d |
| 020 |
|
|
|a 9789586487566
|
| 035 |
|
|
|a 11568
|
| 040 |
|
|
|a FlNmELB
|c FlNmELB
|d BUS
|d vLex
|
| 080 |
|
|
|a 658.4
|
| 090 |
|
|
|c 4546
|d 4546
|
| 100 |
1 |
|
|a Arroyo Tovar, Ruth.
|
| 245 |
1 |
0 |
|a Habilidades gerenciales
|h [Recurso electrn̤ico] :
|b desarrollo de destrezas, competencias y actitud /
|c Ruth Arroyo Tovar.
|
| 250 |
|
|
|a 1a ed.
|
| 256 |
|
|
|a Servicio en ln̕ea.
|
| 260 |
|
|
|a Bogot ̀:
|b Ecoe Ediciones,
|c 2012.
|
| 300 |
|
|
|a 1 recurso electrn̤ico
|
| 490 |
0 |
|
|a Ciencias administrativas. Administracin̤.
|
| 506 |
1 |
|
|a Contenido solo disponible en los productos indicados
|d vLex Global
|d vLex Global (Academic Edition, excluding Law Schools)
|d vLex Global (U.S. Academic Edition, Law Schools)
|d vLex Global (U.S. Academic Edition, excluding Law Schools)
|d vLex Global (Academic Edition, Law Schools)
|
| 650 |
0 |
4 |
|a Administracin̤
|z Colombia
|
| 650 |
0 |
4 |
|a Empresas
|x Direccin̤ y administracin̤
|z Colombia
|
| 740 |
0 |
|
|a vLex Libros (Servicio en ln̕ea)
|
| 856 |
4 |
0 |
|u http://vlex.com/source/habilidades-gerenciales-desarrollo-destrezas-competencias-y-actitud-11568
|z Acceso restringido
|
| 942 |
|
|
|c BOOK
|
| 999 |
0 |
|
|a Industrial management
|